• 首页
  • 本馆介绍
  • 公告通知
  • 最新文献
  • 馆藏检索
  • 电子资源
  • 读者导购
  • 参考咨询
  • 我的图书馆
  • 登录
  • 详细信息显示
  • 放入我的书架
  • 预约/预借图书
  • 作者相关作品
  • 分类相关作品
  • 丛书相关作品
  • 出版社相关作品

书目信息

  • 表格格式
  • 工作单格式
  • 卡片格式
题名:
古埃及之谜
    
 
作者: 李晓东 著
分册:  
出版信息: 西安   陕西师范大学出版社  2011
页数: 213页
开本: 26cm
丛书名:
单 册:
中图分类: K411.209
科图分类:
主题词:
电子资源:
ISBN: 978-7-5613-5379-0
000 00872nam0 2200241 45
001 1133472375
005 20110413091108.81
010    @a978-7-5613-5379-0@dCNY29.00
100    @a20110406d2011 ekmy0chiy0110 ea
101 0  @achi
102    @aCN@b610000
105    @aa z 000yy
106    @ar
200 1  @a古埃及之谜@AGu Ai Ji Zhi Mi@f李晓东著@FLi Xiao Dong Zhu
210    @a西安@c陕西师范大学出版社@d2011
215    @a213页@d26cm
330    @a巍峨的金字塔、威武的狮身人面像、沉睡千年的木乃伊、神秘莫测的象形文字……这一切都诉说着什么样的秘密?本书依据东方卫视《世界文明讲坛》之《古埃及之谜》录音稿整理润色而成,采取图文并茂的形式,生动有趣地揭秘了古埃及文明的前世今生。
607    @a埃及@x古代史@j普及读物
607    @a埃及
690    @aK411.209@v4
701  0 @a李晓东@ALi Xiao Dong@4著
801  0 @aCN@bTANGWEI@c20110413
905    @b0533439-43@dK411.209@e19@f5
    
    古埃及之谜/李晓东著.-西安:陕西师范大学出版社,2011
    213页;26cm
    
    
    ISBN 978-7-5613-5379-0:CNY29.00
    巍峨的金字塔、威武的狮身人面像、沉睡千年的木乃伊、神秘莫测的象形文字……这一切都诉说着什么样的秘密?本书依据东方卫视《世界文明讲坛》之《古埃及之谜》录音稿整理润色而成,采取图文并茂的形式,生动有趣地揭秘了古埃及文明的前世今生。
●
相关链接 在E读中查询图书 在五车中查询图书 在当当中查询图书 在豆瓣中查询图书


正题名:古埃及之谜     索取号:K411.209/19         预约/预借

序号 登录号 条形码 馆藏地/架位号 状态 备注
1 0533439   205334397   第二样本阅览室/ [索取号:K411.209/19] 在馆    
2 0533440   205334404   第二借阅区/ [索取号:K411.209/19] 在馆    
3 0533441   205334413   第二借阅区/ [索取号:K411.209/19] 在馆    
4 0533442   205334422   第二借阅区/ [索取号:K411.209/19] 在馆    
5 0533443   205334431   第二借阅区/ [索取号:K411.209/19] 在馆    
唐山师范学院图书馆 欢迎您!
大连网信软件有限公司© 版权所有